| 000 | 00827nmm a2200301 a 4500 | ||
|---|---|---|---|
| 003 | AR-BaBNM | ||
| 005 | 20251128203759.0 | ||
| 008 | 271020s1964 ||||||||||||||000 | spa|| | ||
| 040 | _cAR-BaBNM | ||
| 100 | 1 | _aDale, Edgar | |
| 245 | 1 | 0 | _aMétodos de enseñanza audiovisual |
| 250 | _a2ª ed. | ||
| 260 |
_aMéxico, D.F. _bReverté _c1964 |
||
| 300 |
_axi, 573 p. _bil., láms. |
||
| 500 | _aIndice-glosario p. 559-573 | ||
| 650 | 4 | _aAUXILIARES AUDIOVISUALES | |
| 650 | 4 | _aENSENANZA AUDIOVISUAL | |
| 650 | 4 | _aTELEVISION EDUCATIVA | |
| 650 | 4 | _aRADIO EDUCATIVA | |
| 650 | 4 | _aPELICULAS | |
| 650 | 4 | _aEVALUACION DEL ALUMNO | |
| 650 | 4 | _aTECNOLOGIA EDUCATIVA | |
| 653 | _aEXPERIENCIAS EDUCATIVAS | ||
| 653 | _aVISITAS GUIADAS | ||
| 700 | 1 |
_aParra de Gómez, Beatriz _edirector |
|
| 942 | _cBK | ||
| 998 | _cCarmen | ||
| 999 |
_c4921 _d4921 |
||